[Event "Western Asia-ch U20 Girls"]
[Site "Delhi"]
[Date "2019.09.10"]
[Round "9"]
[White "Vantika, Agrawal"]
[Black "Senthamizh, Yazhini S"]
[Result "1/2-1/2"]
[WhiteElo "2304"]
[BlackElo "1626"]
[PlyCount "100"]
[EventDate "2019.09.06"]
[EventType "swiss"]
[EventRounds "9"]
[EventCountry "IND"]
[SourceTitle "CBM 192 Extra"]
[Source "Chessbase"]
[SourceDate "2019.11.06"]
[SourceVersion "1"]
[SourceVersionDate "2019.11.06"]
[SourceQuality "1"]

1. d4 Nf6 2. c4 c5 3. d5 d6 4. Nc3 e6 5. Nf3 exd5 6. cxd5 g6 7. g3 Bg7 8. Bg2 0-0 9. 0-0 Re8 10. Re1 a6 11. a4 Bg4 12. Nd2 Qe7 13. h3 Bc8 14. Nc4 Nbd7 15. a5 Rb8 16. Bf4 Ne5 17. Nxe5 dxe5 18. Be3 Rd8 19. Qb3 h5 20. Na4 Bd7 21. Nxc5 h4 22. Nxd7 Rxd7 23. g4 Ne8 24. Bd2 e4 25. Red1 Nd6 26. g5 Qe5 27. Rac1 Nb5 28. Be3 Rbd8 29. Rc4 Qxb2 30. Qxb2 Bxb2 31. Bxe4 Nd6 32. Rc2 Nxe4 33. Rxb2 Rxd5 34. Rxd5 Rxd5 35. f4 Rxa5 36. Rxb7 Rd5 37. Kg2 a5 38. Bc1 f6 39. gxf6 Nxf6 40. Kf3 Rd1 41. Rc7 Rf1+ 42. Kg2 Re1 43. Kf2 Rh1 44. Rc6 Kf7 45. Bb2 Nh5 46. Kg2 Re1 47. Kf2 Rh1 48. Kg2 Re1 49. Kf2 Rh1 50. Kg2 Re1 1/2-1/2

[Event "IND-ch (Women) 46th"]
[Site "Managiri"]
[Date "2019.07.20"]
[Round "3"]
[White "Senthamizh, Yazhini S"]
[Black "Srija, Seshadri"]
[Result "0-1"]
[WhiteElo "1622"]
[BlackElo "2306"]
[PlyCount "84"]
[EventDate "2019.07.19"]
[EventType "swiss"]
[EventRounds "11"]
[EventCountry "IND"]
[SourceTitle "EXT 2020"]
[Source "ChessBase"]
[SourceDate "2019.10.17"]
[SourceVersion "1"]
[SourceVersionDate "2019.10.17"]
[SourceQuality "1"]

1. e4 e5 2. Nf3 Nc6 3. d4 exd4 4. Nxd4 Nf6 5. Nxc6 bxc6 6. Bd3 d5 7. exd5 cxd5 8. 0-0 Be7 9. Re1 0-0 10. Nd2 Rb8 11. c4 Be6 12. Qc2 Bb4 13. Rd1 Qe7 14. Nb3 dxc4 15. Bxc4 Ng4 16. h3 Nxf2 17. Kxf2 Qh4+ 18. g3 Qxh3 19. Bf1 Qh2+ 20. Bg2 Bd6 21. Qd3 Bh3 22. Rg1 Rfe8 23. Bd2 Re6 24. Bc3 Rg6 25. g4 Bxg4 26. Rae1 Bd7 27. Re3 Bc6 28. Rf3 Qh4+ 29. Ke3 Bxf3 30. Bxf3 Rxg1 31. Qd4 Qg5+ 32. Kd3 Qg3 33. Nd2 Bf4 34. b4 Bxd2 35. Kxd2 Qe1+ 36. Kd3 Qb1+ 37. Ke3 Re8+ 38. Kd2 Qxa2+ 39. Kd3 Rg3 40. Qd7 Rxf3+ 41. Kd4 Rf4+ 42. Kc5 Qc4# 0-1

[Event "IND-ch (Women) 46th"]
[Site "Managiri"]
[Date "2019.07.19"]
[Round "1"]
[White "Senthamizh, Yazhini S"]
[Black "Priyanka, Nutakki"]
[Result "1-0"]
[WhiteElo "1622"]
[BlackElo "2293"]
[PlyCount "75"]
[EventDate "2019.07.19"]
[EventType "swiss"]
[EventRounds "11"]
[EventCountry "IND"]
[SourceTitle "EXT 2020"]
[Source "ChessBase"]
[SourceDate "2019.10.17"]
[SourceVersion "1"]
[SourceVersionDate "2019.10.17"]
[SourceQuality "1"]

1. e4 e6 2. d4 d5 3. Nc3 Nf6 4. e5 Nfd7 5. f4 c5 6. Nf3 Nc6 7. Be3 Be7 8. Qd2 0-0 9. dxc5 Bxc5 10. Bxc5 Nxc5 11. 0-0-0 a6 12. g4 f6 13. Bg2 b5 14. exf6 gxf6 15. Nd4 Na5 16. Nb3 Naxb3+ 17. axb3 Bb7 18. f5 b4 19. Ne2 Qc7 20. Kb1 a5 21. fxe6 a4 22. e7 Qxe7 23. Bxd5+ Bxd5 24. Qxd5+ Kh8 25. Nd4 axb3 26. Nxb3 Nxb3 27. Qxb3 Ra6 28. c4 bxc3 29. Qxc3 Rfa8 30. Rhe1 Qf7 31. Rd3 Ra4 32. b3 R4a6 33. g5 Qg6 34. Red1 Rd8 35. Kb2 Rda8 36. Rd8+ Rxd8 37. Rxd8+ Kg7 38. Rd7+ 1-0

[Event "IND-ch U17 Girls"]
[Site "Bengaluru"]
[Date "2015.10.04"]
[Round "2"]
[White "Priyanka, Nutakki"]
[Black "Senthamizh, Yazhini S"]
[Result "1-0"]
[WhiteElo "2042"]
[BlackElo "1683"]
[PlyCount "57"]
[EventDate "2015.10.03"]
[EventType "swiss"]
[EventRounds "11"]
[EventCountry "IND"]
[SourceTitle "CBM 168 Extra"]
[Source "ChessBase"]
[SourceDate "2015.10.29"]
[SourceVersion "1"]
[SourceVersionDate "2015.10.29"]
[SourceQuality "1"]

1. d4 Nf6 2. c4 g6 3. Nc3 d5 4. Bg5 dxc4 5. e3 Bg7 6. Bxc4 0-0 7. Nge2 c5 8. 0-0 cxd4 9. Nxd4 Nbd7 10. Qe2 Qa5 11. Bh4 Ne5 12. Bb3 Bg4 13. f3 Bd7 14. Rfd1 Rfd8 15. Rac1 Rac8 16. a3 Nc6 17. Ba2 Nxd4 18. Rxd4 Bf5 19. Rcd1 Rxd4 20. Rxd4 Rd8 21. b4 Qc7 22. Qc4 Rc8 23. Qxf7+ Kh8 24. Rc4 Qe5 25. Rxc8+ Bxc8 26. Bxf6 Qxe3+ 27. Kf1 Qd3+ 28. Ne2 Bh3 29. Qf8# 1-0